000 00916nam a2200253 a 4500
001 BRCA_567
005 20190320203051.0
008 841130s1984 enka---##b---#001-0#eng-d
020 _a0881681326
040 _aDLC
_cDLC
_dDLC
050 4 _aNK4167
_b.K54 1984
100 1 _aKlein, Adalbert
_d1913-
_91953
245 1 0 _aJapanese ceramics
_cAdalbert Klein ; translated by Katherine Watson.
260 _aLondres
_bAlpine Fine Arts Collection
_c1984
300 _a275 p.
_bil. (algunas a color), mapas
_c33 cm.
440 0 _aA connoisseur´s guide to
_91954
500 _aTraducción de: Japanische Keramik von de Jomon-Zeit bis zur Gegenwart
500 _aIncluye apéndices: tabla cronológica, glosario, créditos fotográficos e índice
504 _aBibliografía: p. 257-260
650 1 4 _aCerámica japonesa
_91955
650 1 4 _aPorcelana japonesa
_91956
700 1 _aWatson, Katherine
_91957
942 _2lcc
_cB
999 _c497
_d497